Postaw na milion 355 - Statystyki

Ogólne statystyki
  • Ten quiz został rozwiązany 17 razy
  • Średni wynik to 6 z 12
Statystyki odpowiedzi
Zagadnienie Odpowiedź % Poprawnych
Gazy lub metale bierne chemicznie, nieaktywne, odporne na działanie innych substancji, określa się jako: szlachetne
87%
Ojciec Luke'a Skywalkera, bohatera "Gwiezdnych Wojen", znany później jako Darth Vader, to: Anakin
80%
"Poniatoszczakiem" zwyczajowo jest nazwany jeden z warszawskich: mostów
80%
Madonna, słynna amerykańska piosenkarka, urodziła się w latach: 50.
60%
Który dramatopisarz wg legendy zginął, trafiony w głowę żółwiem upuszczonym z wysokości przez orła? Ajschylos
60%
Kto wypowiada słowa: "Smoku, jesteś piękny" w serialu "Wiedźmin" z 2002 roku? Jaskier
47%
Jeśli czyjś głos jest "stentorowy", to znaczy że jest: mocny, donośny
47%
Naktuz to element: osprzętu nawigacyjnego
47%
Z nasion której rośliny przyrządza się pastę tahini? sezamu
27%
W 1778 roku kapitan Cook dotarł do archipelagu, któremu nadał nazwę "Wyspy Sandwich". Są to dzisiejsze: Hawaje
20%
2 czerwca 2024 roku, Claudia Sheinbaum została pierwszą kobietą wybraną na prezydenta w historii... Meksyku
20%
Znak rozpoznawczy japońskiej malarki, rzeźbiarki i performerki Yayoi Kusamy to: grochy
13%
Nie znaleziono quizów pasujących do podanych kryteriów
Rozkład punktacji
Procent ludzi z każdym wynikiem
Percentyl według liczby udzielonych odpowiedzi
Twoja historia wyników
Nie rozwiązałeś tego quizu